|
|
|
|
| LEADER |
00000cam a2200000 4500 |
| 001 |
vtls011875554 |
| 003 |
SK-MaSNL |
| 005 |
20260301102154.0 |
| 008 |
210223s2019 xo a gr 000 j slo |
| 015 |
|
|
|a SNBA2020/10
|
| 020 |
|
|
|a 9788089666775
|q (brožované)
|
| 035 |
|
|
|a urn:nbn:sk:snk-am00eoce
|
| 035 |
|
|
|a urn:nbn:sk:snk-am3ilin
|
| 035 |
|
|
|a BFA2AADF-7CF0-45FB-A2AE-9EB7452808E1
|
| 040 |
|
|
|a SNK
|b slo
|c SNK
|e rda
|
| 041 |
0 |
|
|a slo
|
| 044 |
|
|
|a xo
|c SK
|
| 072 |
|
7 |
|a 821.162.4-3
|x Slovenská próza
|2 konspekt
|
| 080 |
|
|
|a 821.162.4-3 2
|2 2011
|
| 100 |
1 |
|
|a Koman, J. Ignác
|4 aut
|9 437544
|
| 245 |
1 |
0 |
|a Juraj - drsného námorníka príhody a skúsenosti
|c J. Ignác Koman
|
| 250 |
|
|
|a Prvé slovenské vydanie
|
| 264 |
|
1 |
|a Bratislava
|b Európa
|c 2019
|
| 300 |
|
|
|a 107 strán
|b čiernobiele ilustrácie
|c 21 cm
|
| 336 |
|
|
|a text
|b txt
|2 rdacontent
|
| 337 |
|
|
|a bez média
|b n
|2 rdamedia
|
| 338 |
|
|
|a zväzok
|b nc
|2 rdacarrier
|
| 490 |
1 |
|
|a Liga výnimočných
|v zv. 16
|
| 655 |
|
7 |
|a slovenské poviedky
|2 SNKPH
|9 70226
|
| 655 |
|
7 |
|a Slovak tales
|2 SNKPHeng
|9 277330
|
| 700 |
1 |
|
|a Vrabec, Martin
|c (ilustrátor)
|4 ill
|9 260757
|
| 830 |
|
0 |
|a Liga výnimočných
|9 364239
|
| 919 |
|
|
|a 978-80-89666-77-5
|
| 958 |
|
|
|a LX
|
| 999 |
|
|
|c 691413
|d 693343
|
| 952 |
|
|
|a SNK
|b SNK
|y PREZ
|7 0
|p 17A1444879
|o snkSC 190554
|i snk2020/18502
|8 0
|0 0
|1 0
|4 0
|d 2020-10-13
|f 1
|l 0
|r 2025-10-07 00:00:00
|w 2026-02-23
|
| 952 |
|
|
|a SNK
|b SNK
|y PREZ
|7 0
|p 17A1444880
|o snkSC 190554 D1
|i snk2020/18503
|8 0
|0 0
|1 0
|4 0
|d 2020-10-13
|l 0
|r 2026-02-23 20:27:36
|w 2026-02-23
|